Lots and lots of zebra stripes: patterns in nature (Record no. 124699)

MARC details
000 -LÍDER
campo de controle de tamanho fixo 00863 a2200217 4500
001 - NÚMERO DE CONTROLE
campo de controle 124699
020 ## - ISBN - INTERNATIONAL STANDARD BOOK NUMBER
ISBN - International Standard Book Number 9781563979804
040 ## - FONTE DA CATALOGAÇÃO
Instituição que transcreveu o registro Escola Canadense de Niteroi
090 ## - NÚMERO DE CHAMADA LOCAL
Número de chamada (OCLC) (R); Número de chamada, CALL (RLIN) (NR) L1 - SWI
100 ## - ENTRADA PRINCIPAL--NOME PESSOAL
Nome pessoal Swinburne, Stephen R.
245 10 - TÍTULO
Título Lots and lots of zebra stripes: patterns in nature
250 ## - EDIÇÃO
Edição 1st. ed.
260 ## - PUBLICAÇÃO, DISTRIBUIÇÃO, ETC.
Local de publicação, distribuição, etc. Honesdale
300 ## - DESCRIÇÃO FÍSICA
Extensão 32 p.
Dimensões 8 x 0.12 x 10 inches
362 0# - DATAS DE PUBLICAÇÃO E/OU DESIGNAÇÃO SEQUENCIAL
Datas de publicação e/ou designação sequencial 1998
520 ## - NOTA DE RESUMO, ETC
Resumo, etc. With a simple text and vivid full-color photographs, Stephen R. Swinburne shows children a wide range of nature's exquisite designs. He invites children to open their eyes and look for patterns in water and on land, in the air and on the ground, and in their own neighborhoods. They will see the world as they've never seen it before.
650 #4 - ASSUNTO--TERMO TÓPICO
Cabeçalho tópico ou nome geográfico Non-Fiction
650 #4 - ASSUNTO--TERMO TÓPICO
Cabeçalho tópico ou nome geográfico Kindergarten's Literature
650 #4 - ASSUNTO--TERMO TÓPICO
Cabeçalho tópico ou nome geográfico Patterns
942 ## - ELEMENTOS DE ENTRADA ADICIONADOS (KOHA)
Tipo de material Koha Livros
Holdings
Situação do descarte Situação das perdas Situação física Não pode ser emprestado Biblioteca de origem Biblioteca atual Data de aquisição Total de empréstimos Número de chamada completo Código de barras Data de último acesso Data do preço efetivo Tipo de material Koha
        Canadian School of Niterói - Piratininga Canadian School of Niterói - Piratininga 09/02/2024   L1 - SWI A00941 09/02/2024 09/02/2024 Livros